<?xml version="1.0" encoding="UTF-8"?><?xml-stylesheet type="text/xsl" href="static/style.xsl"?><OAI-PMH xmlns="http://www.openarchives.org/OAI/2.0/" xmlns:xsi="http://www.w3.org/2001/XMLSchema-instance" xsi:schemaLocation="http://www.openarchives.org/OAI/2.0/ http://www.openarchives.org/OAI/2.0/OAI-PMH.xsd"><responseDate>2026-06-02T21:39:26Z</responseDate><request verb="GetRecord" identifier="oai:riuma.uma.es:10630/14231" metadataPrefix="marc">https://riuma.uma.es/rest/oai/request</request><GetRecord><record><header><identifier>oai:riuma.uma.es:10630/14231</identifier><datestamp>2026-02-03T12:07:23Z</datestamp><setSpec>com_10630_2254</setSpec><setSpec>col_10630_37959</setSpec></header><metadata><record xmlns="http://www.loc.gov/MARC21/slim" xmlns:dcterms="http://purl.org/dc/terms/" xmlns:doc="http://www.lyncode.com/xoai" xmlns:xsi="http://www.w3.org/2001/XMLSchema-instance" xsi:schemaLocation="http://www.loc.gov/MARC21/slim http://www.loc.gov/standards/marcxml/schema/MARC21slim.xsd">
   <leader>00925njm 22002777a 4500</leader>
   <datafield ind2=" " ind1=" " tag="042">
      <subfield code="a">dc</subfield>
   </datafield>
   <datafield ind2=" " ind1=" " tag="720">
      <subfield code="a">Soto-Calzado, Inocente</subfield>
      <subfield code="e">author</subfield>
   </datafield>
   <datafield ind2=" " ind1=" " tag="260">
      <subfield code="c">2017</subfield>
   </datafield>
   <datafield ind2=" " ind1=" " tag="520">
      <subfield code="a">El procedimiento artístico del grabado en relieve articula un proyecto docente abierto,  comenzado en una asignatura de grabado artístico y desarrollado como actividad extracurricular, concretándose en la realización de una obra gráfica en relieve y su edición como estampación original, con el argumento inspirador y motivador para el alumnado de homenajear los noventa años de la creación de la revista Litoral en Málaga en noviembre de 1926, sumando una mirada histórica a un proyecto unión de poesía y artes plásticas,  de palabras e imágenes. La historia y la relevancia icónica dentro de la cultura española de la revista malagueña Litoral permitía iniciar también una reflexión sobre su papel local, la cultura en la ciudad y la posición del creador frente al público.</subfield>
   </datafield>
   <datafield ind1="8" ind2=" " tag="024">
      <subfield code="a">http://hdl.handle.net/10630/14231</subfield>
   </datafield>
   <datafield ind1="8" ind2=" " tag="024">
      <subfield code="a">http://orcid.org/0000-0003-4167-6544</subfield>
   </datafield>
   <datafield tag="653" ind2=" " ind1=" ">
      <subfield code="a">Grabado</subfield>
   </datafield>
   <datafield ind2="0" ind1="0" tag="245">
      <subfield code="a">Proyecto de educación artística funcional: la edición de gráfica original</subfield>
   </datafield>
</record>
</metadata></record></GetRecord></OAI-PMH>